| 000 | 00897 a2200205 4500 | ||
|---|---|---|---|
| 003 | Nust | ||
| 005 | 20230821081622.0 | ||
| 010 | _a 2010028807 | ||
| 020 | _q9781439819197 (hardcover : alk. paper) | ||
| 040 | _cNust | ||
| 082 | 0 | 0 | _a005.8,PAT |
| 245 | 0 | 0 |
_aSecurity of self-organizing networks : _bMANET, WSN, WMN, VANET / _ceditor, Al-Sakib Khan Pathan. |
| 260 |
_aBoca Raton : _bAuerbach Publications, _c2011. |
||
| 300 | _ap. cm. | ||
| 505 | _aGeneral Topics: Security of Wireless and Self Organizing Networks (Page-3), Mobile AD HOC Network and Vehicular AD HOC Network Security (Page-127), Wireless Sensor Network Security (Page-297), Wireless Mesh Network Security (Page-545) | ||
| 650 | 0 |
_aAd hoc networks (Computer networks) _xSecurity measures. _995174 |
|
| 650 | 0 |
_aSelf organizaing systems _xSecurity measures. _995175 |
|
| 700 | 1 |
_aPathan, Al-Sakib Khan. _96088 |
|
| 942 |
_cREF _2ddc |
||
| 999 |
_c189492 _d189492 |
||